|
|
|
|
| LEADER |
00000nam a22000007a 4500 |
| 008 |
201210b ||||| |||| 00| 0 eng d |
| 020 |
|
|
|a 978-1-4462-9398-0
|
| 100 |
|
|
|a BUBB, Sara
|
| 245 |
|
|
|a Successful induction for new teachers
|b a guide for NQTs and induction tutors, coordinators and mentors
|c Sara Bubb
|g . xiii, 100p.; ill
|
| 260 |
|
|
|b SAGE
|c 2014
|h Los Angeles
|i 692212
|i 692213
|l LB2844 .N4B85
|m First year teachers – In-service training – Great Britain – Handbooks, Manuals, etc
|m Mentoring in education – Great Britain – Handbooks, manuals, etc
|m First year teachers – Supervision of
|m Teacher orientation
|
| 500 |
|
|
|a “It includes bibliographical references and index”.
|
| 942 |
|
|
|a lcc
|c BK
|e O.A.JOHNSON
|f 10/12/20
|
| 952 |
|
|
|0 0
|1 0
|2 lcc
|4 0
|6 LB2844 N4 B85
|7 0
|9 307
|a HOL
|b ED
|c LP
|d 2020-12-10
|l 0
|o LB2844 .N4B85
|p 2020-2043
|r 2020-12-10 00:00:00
|w 2020-12-10
|y BK
|
| 952 |
|
|
|0 0
|1 0
|2 lcc
|4 0
|6 LB2844 N4 B85
|7 0
|9 308
|a HOL
|b HOL
|c LP
|d 2020-12-10
|l 0
|o LB2844 .N4B85
|p 2020-2044
|r 2020-12-10 00:00:00
|w 2020-12-10
|y BK
|
| 999 |
|
|
|c 141
|d 141
|